MARC

Tag First Indicator Second Indicator Subfields
LEADER 00000cam a2200000Ka 4500
001 in00002248821
005 20220105185151.0
006 m d f
008 070110s2003 dcu s f000 0 eng d
035 |a (OCoLC)ocm77569274 
040 |a GPO  |c GPO  |d MvI  |d UtOrBLW 
049 |a WWW 
074 |a 0443-E-59 (online) 
086 0 |a FR 1.2:SO 8 
110 2 |a Board of Governors of the Federal Reserve System (U.S.) 
245 1 0 |a Interagency paper on sound practices to strengthen the resilience of the U.S. financial system /  |c agencies: Board of Governors of the Federal Reserve System, Office of the Comptroller of the Currency, and Securities and Exchange Commission. 
246 3 0 |a Sound practices to strengthen the resilience of the U.S. financial system 
264 1 |a [Washington, D.C.] :  |b Federal Reserve System :  |b Dept. of the Treasury, Office of the Comptroller of the Currency :  |b Securities and Exchange Commission,  |c [2003] 
300 |a 14 pages :  |b digital, PDF file. 
336 |a text  |b txt  |2 rdacontent 
337 |a computer  |b c  |2 rdamedia 
338 |a unspecified  |b zu  |2 rdacarrier 
500 |a "April 7, 2003." 
500 |a Title from title screen (viewed on Jan. 10, 2007). 
538 |a Mode of access: Internet from the Federal Reserve web site. Address as of 7/16/07: http://www.federalreserve.gov/boarddocs/press/bcreg/2003/20030408/ (abstract), http://www.federalreserve.gov/boarddocs/press/bcreg/2003/20030408/attachment.pdf (PDF version); current access available via PURL. 
500 |a Electronic resource. 
650 0 |a Financial institutions  |z United States. 
650 0 |a Financial services industry  |x Risk management  |z United States. 
710 1 |a United States.  |b Office of the Comptroller of the Currency. 
710 1 |a United States.  |b Securities and Exchange Commission. 
856 4 0 |3 Abstract:  |u http://www.federalreserve.gov/boarddocs/press/bcreg/2003/20030408/  |t 0 
856 4 0 |3 PDF version:  |u https://purl.fdlp.gov/GPO/LPS77416  |t 0 
999 |a MARS 
999 f f |s 957b228a-a9c0-3a82-8c92-4a1877a19be1  |i 02664705-27ec-3872-8d8f-7b0a5b0a0f24  |t 0 
952 f f |a Texas A&M University  |b College Station  |c Electronic Resources  |d Available Online  |t 0  |e FR 1.2:SO 8  |h Superintendent of Documents classification 
998 f f |a FR 1.2:SO 8  |t 0  |l Available Online